[Event "ROM-chT"]
[Site "Baile Govora"]
[Date "2017.11.16"]
[Round "6.4"]
[White "Bida, Mihai Eugen"]
[Black "Popescu, Daniel Vasilica"]
[Result "1-0"]
[WhiteElo "2444"]
[BlackElo "2099"]
[PlyCount "151"]
[EventDate "2017.11.11"]
[EventType "team-tourn"]
[EventRounds "9"]
[EventCountry "ROU"]
[SourceTitle "CBM 181 Extra"]
[Source "ChessBase"]
[SourceDate "2017.12.12"]
[SourceVersion "1"]
[SourceVersionDate "2017.12.12"]
[SourceQuality "1"]
[WhiteTeam "Galati"]
[BlackTeam "Buzau Phoenix"]
[WhiteTeamCountry "ROU"]
[BlackTeamCountry "ROU"]

1. e4 c5 2. Nf3 e6 3. c3 d5 4. exd5 Qxd5 5. d4 Nc6 6. Na3 Bd6 7. Nb5 cxd4 8. Bc4 Qe4+ 9. Be3 Bb8 10. Nbxd4 Nxd4 11. Nxd4 Nf6 12. Bb5+ Bd7 13. Be2 Bf4 14. Bf3 Qe5 15. Qe2 Bxe3 16. fxe3 Rb8 17. 0-0 0-0 18. g3 h6 19. Bg2 Nd5 20. Rfe1 Rfd8 21. Qf2 Be8 22. Nf3 Qd6 23. Rad1 Qa6 24. a3 Qb6 25. Rd4 Ne7 26. e4 Nc6 27. Rxd8 Qxf2+ 28. Kxf2 Rxd8 29. Ke3 e5 30. Bf1 f6 31. b4 Bf7 32. a4 Ne7 33. Rc1 Rc8 34. b5 Bc4 35. Bh3 Rd8 36. Bf1 Rc8 37. Bd3 Kf7 38. Nd2 Bxd3 39. Kxd3 Rd8+ 40. Ke3 Nc8 41. c4 Nb6 42. a5 Na4 43. c5 Ke7 44. b6 Kd7 45. Rc4 Nb2 46. Rb4 Nd1+ 47. Ke2 Nc3+ 48. Kd3 Nd1 49. Rb3 axb6 50. Ke2 bxa5 51. Kxd1 Kc6 52. Rb6+ Kxc5 53. Rxb7 a4 54. Rxg7 Ra8 55. Rc7+ Kb4 56. Kc2 Rd8 57. Rb7+ Kc5 58. Kc3 Rc8 59. Nc4 Ra8 60. Na3 h5 61. Rb5+ Kd6 62. Kb4 h4 63. Nc4+ Ke6 64. g4 h3 65. Ra5 Rxa5 66. Kxa5 a3 67. Nxa3 Kf7 68. Kb4 Kg6 69. Kc3 Kg5 70. Kd3 Kf4 71. Nc4 Kf3 72. Nxe5+ Kg2 73. Ke3 Kxh2 74. g5 fxg5 75. Kf3 Kg1 76. Ng4 1-0

[Event "ROM-ch"]
[Site "Calimanesti Caciulata"]
[Date "2017.04.02"]
[Round "9"]
[White "Ciorgovean, Iustin"]
[Black "Bida, Mihai Eugen"]
[Result "0-1"]
[WhiteElo "2070"]
[BlackElo "2449"]
[PlyCount "84"]
[EventDate "2017.03.25"]
[EventType "swiss"]
[EventRounds "9"]
[EventCountry "ROU"]
[SourceTitle "CBM 177 Extra"]
[Source "ChessBase"]
[SourceDate "2017.04.27"]
[SourceVersion "1"]
[SourceVersionDate "2017.04.27"]
[SourceQuality "1"]

1. Nf3 d5 2. d4 Nf6 3. c4 e6 4. g3 Bb4+ 5. Bd2 Bd6 6. Bg2 0-0 7. 0-0 Nbd7 8. Qc2 c6 9. b3 Ne4 10. Nc3 f5 11. Bf4 Bxf4 12. gxf4 Qe7 13. e3 Rb8 14. Rac1 Rf6 15. Ne2 Rh6 16. Ng3 Ndf6 17. Ne5 Nd6 18. Rfe1 Bd7 19. c5 Nf7 20. b4 Nxe5 21. fxe5 Ne4 22. f4 Kh8 23. Bxe4 dxe4 24. Kh1 Rh3 25. Qg2 Qh4 26. Rg1 Rg8 27. Nf1 Be8 28. Qg5 Bh5 29. Rg3 Rxg3 30. Qxg3 Bf3+ 31. Kg1 g5 32. Kf2 gxf4 33. Qxh4 Rg2+ 34. Ke1 Re2+ 35. Kd1 Rxa2+ 36. Ke1 Re2+ 37. Kd1 Rxh2+ 38. Ke1 Rxh4 39. Kf2 fxe3+ 40. Nxe3 f4 41. Nc4 Rh2+ 42. Ke1 e3 0-1

[Event "ROM-chT"]
[Site "Calimanesti Caciulata"]
[Date "2016.11.26"]
[Round "8.2"]
[White "Vajda, Levente"]
[Black "Bida, Mihai Eugen"]
[Result "1/2-1/2"]
[WhiteElo "2597"]
[BlackElo "2456"]
[PlyCount "71"]
[EventDate "2016.11.19"]
[EventType "team-tourn"]
[EventRounds "9"]
[EventCountry "ROU"]
[SourceTitle "CBM 175 Extra"]
[Source "ChessBase"]
[SourceDate "2016.12.12"]
[SourceVersion "1"]
[SourceVersionDate "2016.12.12"]
[SourceQuality "1"]
[WhiteTeam "Baia Mare"]
[BlackTeam "Galati"]
[WhiteTeamCountry "ROU"]
[BlackTeamCountry "ROU"]

1. Nf3 c5 2. g3 Nc6 3. Bg2 d5 4. 0-0 e5 5. d3 Be7 6. Nbd2 Bg4 7. h3 Be6 8. e4 d4 9. Nc4 Qc7 10. a4 h6 11. a5 Nf6 12. c3 Nd7 13. Qa4 Rc8 14. Bd2 0-0 15. cxd4 Nxd4 16. Nxd4 cxd4 17. b4 Rfd8 18. Rfc1 Qb8 19. Qd1 Bg5 20. Bxg5 hxg5 21. Qd2 f6 22. Bf3 Nf8 23. Bg4 Bxg4 24. hxg4 Ne6 25. Kg2 Rc7 26. Qa2 Kf7 27. Rh1 Qc8 28. Rh3 Qd7 29. Rah1 Rcc8 30. Rc1 Ke7 31. Qb3 Qb5 32. Rh7 Rg8 33. Na3 Qd7 34. Nc4 Qb5 35. Na3 Qd7 36. Nc4 1/2-1/2

[Event "ROM-chT"]
[Site "Calimanesti Caciulata"]
[Date "2016.11.24"]
[Round "6.1"]
[White "Lupulescu, Constantin"]
[Black "Bida, Mihai Eugen"]
[Result "1-0"]
[WhiteElo "2609"]
[BlackElo "2456"]
[PlyCount "103"]
[EventDate "2016.11.19"]
[EventType "team-tourn"]
[EventRounds "9"]
[EventCountry "ROU"]
[SourceTitle "CBM 175 Extra"]
[Source "ChessBase"]
[SourceDate "2016.12.12"]
[SourceVersion "1"]
[SourceVersionDate "2016.12.12"]
[SourceQuality "1"]
[WhiteTeam "Timisoara Luxten"]
[BlackTeam "Galati"]
[WhiteTeamCountry "ROU"]
[BlackTeamCountry "ROU"]

1. d4 Nf6 2. c4 e6 3. Nf3 d5 4. Nc3 Bb4 5. cxd5 exd5 6. Bf4 0-0 7. e3 Bf5 8. Qb3 Nc6 9. Bg5 Re8 10. Be2 h6 11. Bxf6 Qxf6 12. Qxd5 Be4 13. Qh5 g6 14. Qh3 h5 15. 0-0 Bf5 16. Qg3 Bd6 17. Qh4 Qg7 18. Nd5 Kf8 19. Qf6 Qg8 20. Qg5 Qg7 21. Nf6 Be7 22. Nxe8 Rxe8 23. Qg3 Bd6 24. Ne5 Nxe5 25. dxe5 Bxe5 26. Qh4 Be4 27. Rad1 Bf6 28. Qg3 Be5 29. Qh4 Bf6 30. Qg3 Be5 31. Qg5 f6 32. Qh4 g5 33. Qxh5 Ke7 34. f4 gxf4 35. Qh3 f5 36. Rxf4 Rh8 37. Qg3 Qxg3 38. hxg3 Bxf4 39. exf4 c5 40. Bf3 Bxf3 41. gxf3 Rd8 42. Rxd8 Kxd8 43. a4 b6 44. a5 b5 45. a6 Ke7 46. Kf2 Ke6 47. Ke3 Kf6 48. g4 Ke6 49. Kd3 Kf6 50. gxf5 Kxf5 51. Ke3 b4 52. b3 1-0

[Event "Wch U20 54th"]
[Site "Khanty-Mansiysk"]
[Date "2015.09.14"]
[Round "12"]
[White "Bida, Mihai Eugen"]
[Black "Laurusas, Tomas"]
[Result "0-1"]
[WhiteElo "2394"]
[BlackElo "2429"]
[PlyCount "74"]
[EventDate "2015.09.02"]
[EventType "swiss"]
[EventRounds "13"]
[EventCountry "RUS"]
[SourceTitle "EXT 2016"]
[Source "ChessBase"]
[SourceDate "2015.10.08"]
[SourceVersion "1"]
[SourceVersionDate "2015.10.08"]
[SourceQuality "1"]

1. d4 Nf6 2. c4 g6 3. Nc3 Bg7 4. e4 d6 5. h3 0-0 6. Be3 c6 7. Nf3 a6 8. Be2 b5 9. a3 Nbd7 10. 0-0 bxc4 11. Bxc4 Nb6 12. Ba2 a5 13. Re1 h6 14. d5 cxd5 15. exd5 Bb7 16. Qd2 Kh7 17. Bxb6 Qxb6 18. Rxe7 Ba6 19. Rc1 Qd8 20. Ree1 Nd7 21. Nd4 Nc5 22. Nc6 Qh4 23. b4 axb4 24. Nxb4 h5 25. Rcd1 Bc8 26. Nb5 Bd7 27. Nxd6 Rxa3 28. Nc4 Bc3 29. Qc1 Bxe1 30. Qxa3 Qxf2+ 31. Kh2 Qf4+ 32. Kg1 Bf2+ 33. Kh1 Ne4 34. g3 Nxg3+ 35. Kg2 Bxh3+ 36. Kxh3 Qg4+ 37. Kh2 Qxd1 0-1

[Event "Arad op 8th"]
[Site "Arad"]
[Date "2015.08.11"]
[Round "8"]
[White "Bida, Mihai Eugen"]
[Black "Andronescu, Madalin"]
[Result "1/2-1/2"]
[WhiteElo "2330"]
[BlackElo "2138"]
[PlyCount "202"]
[EventDate "2015.08.06"]
[EventType "swiss"]
[EventRounds "9"]
[EventCountry "ROU"]
[SourceTitle "CBM 167 Extra"]
[Source "ChessBase"]
[SourceDate "2015.09.14"]
[SourceVersion "1"]
[SourceVersionDate "2015.09.14"]
[SourceQuality "1"]

1. d4 Nf6 2. c4 e6 3. Nf3 b6 4. g3 Ba6 5. Nbd2 Bb7 6. Bg2 Be7 7. 0-0 0-0 8. b3 c5 9. Bb2 cxd4 10. Bxd4 Nc6 11. Bb2 d5 12. Rc1 Rc8 13. Qc2 dxc4 14. bxc4 Qc7 15. Qb1 Rfd8 16. Nb3 Ba6 17. Rfe1 Bb4 18. Bxf6 gxf6 19. Rf1 Qe7 20. Qe4 f5 21. Qe3 Ba3 22. Rc2 Nb4 23. Rd2 Bxc4 24. Qh6 Rxd2 25. Qxd2 Rd8 26. Nbd4 Nxa2 27. Nc6 Rxd2 28. Nxe7+ Bxe7 29. Nxd2 Bxe2 30. Ra1 Nc3 31. Rxa7 Bf6 32. Rb7 b5 33. Bf1 Kg7 34. Bxe2 Nxe2+ 35. Kf1 Nd4 36. Kg2 Kg6 37. Nf3 Nxf3 38. Kxf3 Bc3 39. Rxb5 Bd4 40. Rb8 Kg7 41. Ke2 h5 42. Rb4 Bc5 43. Rb2 Bd4 44. Rd2 Bc3 45. Rc2 Be5 46. Kd3 Kf6 47. Rc8 Kg7 48. h3 Bf6 49. Kc4 h4 50. gxh4 Bxh4 51. f3 Bf6 52. Kc5 Bb2 53. Kd6 e5 54. Kd5 Kg6 55. h4 e4 56. fxe4 fxe4 57. Kxe4 Kh5 58. Kf4 Bf6 59. Kf5 Bd4 60. Rc4 Bb2 61. Kf4 Bf6 62. Kg3 Be5+ 63. Kh3 f6 64. Rc2 Kh6 65. Kg4 Bd4 66. Rc8 Kg6 67. Rg8+ Kh6 68. Kf5 Be5 69. Ke6 Bb2 70. Rh8+ Kg7 71. Rc8 Be5 72. Kf5 Bb2 73. Kg4 Kg6 74. Rg8+ Kh6 75. h5 Be5 76. Kf5 Bb2 77. Rg6+ Kxh5 78. Rg1 Kh6 79. Rh1+ Kg7 80. Rg1+ Kh6 81. Kg4 Kg6 82. Rf1 Be5 83. Kh4 Bd4 84. Rf4 Be5 85. Rg4+ Kh6 86. Rg8 Bb2 87. Rh8+ Kg6 88. Rh5 Be5 89. Kg4 Bb2 90. Rd5 Be5 91. Rb5 Bc3 92. Kf4 Be5+ 93. Ke4 Bc3 94. Kd5 Be5 95. Ke6 Bc3 96. Rb3 Be5 97. Rb1 Bd4 98. Rd1 Be5 99. Rg1+ Kh6 100. Kf5 Bb2 101. Rg6+ Kh7 1/2-1/2

[Event "ROM-chT"]
[Site "Calimanesti"]
[Date "2014.11.13"]
[Round "6.1"]
[White "Bida, Mihai Eugen"]
[Black "Itkis, Boris"]
[Result "1-0"]
[WhiteElo "2315"]
[BlackElo "2350"]
[PlyCount "70"]
[EventDate "2014.11.08"]
[EventType "team-tourn"]
[EventRounds "9"]
[EventCountry "ROU"]
[SourceTitle "EXT 2015"]
[Source "ChessBase"]
[SourceDate "2014.11.20"]
[SourceVersion "1"]
[SourceVersionDate "2014.11.20"]
[SourceQuality "1"]
[WhiteTeam "Galati"]
[BlackTeam "Terchirghol Victoria"]
[WhiteTeamCountry "ROU"]
[BlackTeamCountry "ROU"]

1. d4 Nf6 2. c4 e6 3. Nf3 b6 4. g3 Bb7 5. Bg2 Be7 6. 0-0 0-0 7. Re1 d5 8. cxd5 exd5 9. Nc3 Na6 10. Bf4 c5 11. dxc5 bxc5 12. Ne5 Rb8 13. Qa4 Qb6 14. Nd7 Nxd7 15. Qxd7 Rbe8 16. Bxd5 Bc8 17. Qa4 Rd8 18. Qb3 Bf6 19. Rad1 Be6 20. Bxe6 fxe6 21. Qc4 Bd4 22. e3 Bf6 23. Ne4 Be7 24. Bd6 Kf7 25. Bxe7 Kxe7 26. Qc3 Kf7 27. Ng5+ Kg8 28. Qc2 g6 29. Qc4 Nc7 30. Qh4 h5 31. Qe4 Qxb2 32. Qxg6+ Qg7 33. Qxg7+ Kxg7 34. Rxd8 Rxd8 35. Rc1 Na6 1-0

[Event "ROM-chT"]
[Site "Calimanesti"]
[Date "2014.11.09"]
[Round "2.1"]
[White "Bida, Mihai Eugen"]
[Black "Dragomirescu, Calin"]
[Result "1-0"]
[WhiteElo "2315"]
[BlackElo "2148"]
[PlyCount "77"]
[EventDate "2014.11.08"]
[EventType "team-tourn"]
[EventRounds "9"]
[EventCountry "ROU"]
[SourceTitle "EXT 2015"]
[Source "ChessBase"]
[SourceDate "2014.11.20"]
[SourceVersion "1"]
[SourceVersionDate "2014.11.20"]
[SourceQuality "1"]
[WhiteTeam "Galati"]
[BlackTeam "Timisoara Sinandrei"]
[WhiteTeamCountry "ROU"]
[BlackTeamCountry "ROU"]

1. d4 Nf6 2. c4 g6 3. Nc3 Bg7 4. e4 d6 5. h3 0-0 6. Bg5 c5 7. d5 e6 8. Bd3 Re8 9. Nge2 exd5 10. exd5 Nbd7 11. f4 a6 12. a4 h6 13. Bh4 Qb6 14. 0-0 Nh7 15. Qc2 f5 16. g4 Ndf8 17. gxf5 Bxf5 18. Bxf5 gxf5 19. a5 Qc7 20. Qxf5 Qf7 21. Qxf7+ Kxf7 22. Bf2 Nf6 23. Ng3 Ng6 24. Nf5 Bf8 25. Rae1 Nxf4 26. Rxe8 Rxe8 27. Bg3 Nxh3+ 28. Kg2 Ng5 29. Nxd6+ Bxd6 30. Bxd6 Kg6 31. Bxc5 h5 32. Bd4 Ng4 33. d6 h4 34. Bb6 Ne3+ 35. Bxe3 Rxe3 36. d7 Ne6 37. Nd5 Rg3+ 38. Kh2 Kg7 39. Nf4 1-0

[Event "Wch U18"]
[Site "Durban"]
[Date "2014.09.29"]
[Round "11"]
[White "Ruiz Castillo, Joshua Daniel"]
[Black "Bida, Mihai Eugen"]
[Result "0-1"]
[WhiteElo "2395"]
[BlackElo "2323"]
[PlyCount "90"]
[EventDate "2014.09.20"]
[EventType "swiss"]
[EventRounds "11"]
[EventCountry "RSA"]
[SourceTitle "CBM 162 Extra"]
[Source "ChessBase"]
[SourceDate "2014.10.17"]
[SourceVersion "1"]
[SourceVersionDate "2014.10.17"]
[SourceQuality "1"]

1. e4 e5 2. Nf3 Nc6 3. d4 exd4 4. Nxd4 Nf6 5. Nxc6 bxc6 6. Qe2 Qe7 7. e5 Nd5 8. c4 Nb6 9. Nc3 Bb7 10. Bf4 g6 11. Ne4 Bg7 12. Nf6+ Bxf6 13. exf6 Qxe2+ 14. Bxe2 0-0-0 15. 0-0-0 c5 16. Rhg1 Rhe8 17. Bd3 Nxc4 18. Rde1 Nb6 19. g4 Bd5 20. Bb1 d6 21. h4 Kd7 22. h5 Rxe1+ 23. Rxe1 Re8 24. Rg1 Be4 25. hxg6 hxg6 26. g5 Nd5 27. Bxe4 Rxe4 28. Bd2 Nf4 29. Rf1 Ke6 30. Bxf4 Rxf4 31. Re1+ Kf5 32. Re7 Kxg5 33. Rxf7 Rxf2 34. Rxc7 Rxf6 35. Rxa7 Kf4 36. Rg7 g5 37. a4 g4 38. Kd2 Kf3 39. Rg5 g3 40. a5 Kf2 41. a6 Rf7 42. Rg6 g2 43. a7 Rxa7 44. Rf6+ Kg1 45. Rxd6 Rh7 0-1

[Event "Wch U18"]
[Site "Durban"]
[Date "2014.09.23"]
[Round "6"]
[White "Bida, Mihai Eugen"]
[Black "Bezuidenhout, Roland Reinhold"]
[Result "1-0"]
[WhiteElo "2323"]
[BlackElo "2030"]
[PlyCount "79"]
[EventDate "2014.09.20"]
[EventType "swiss"]
[EventRounds "11"]
[EventCountry "RSA"]
[SourceTitle "CBM 162 Extra"]
[Source "ChessBase"]
[SourceDate "2014.10.17"]
[SourceVersion "1"]
[SourceVersionDate "2014.10.17"]
[SourceQuality "1"]

1. d4 c5 2. d5 e6 3. c4 exd5 4. cxd5 d6 5. Nc3 a6 6. a4 Ne7 7. Nf3 Ng6 8. g3 Be7 9. Bg2 0-0 10. 0-0 Nd7 11. Nd2 Re8 12. Nc4 Nde5 13. Na3 f5 14. f4 Ng4 15. h3 Nh6 16. Be3 Bf6 17. Bf2 Nf7 18. Qd3 Nf8 19. Nc4 b6 20. Rfe1 Rb8 21. e4 Bxc3 22. bxc3 fxe4 23. Rxe4 Rxe4 24. Qxe4 b5 25. axb5 axb5 26. Ne3 b4 27. Rb1 b3 28. c4 Qa5 29. Be1 Qa2 30. Bc3 Qa4 31. Qd3 Nh6 32. Bb2 Qe8 33. g4 Ng6 34. Rf1 Qf7 35. Qc3 Qf8 36. f5 Ne5 37. Be4 Qf6 38. Ra1 Bd7 39. Ra3 Qh4 40. Ng2 1-0

[Event "Wch U18"]
[Site "Durban"]
[Date "2014.09.22"]
[Round "4"]
[White "Bida, Mihai Eugen"]
[Black "Bluebaum, Matthias"]
[Result "0-1"]
[WhiteElo "2323"]
[BlackElo "2521"]
[PlyCount "98"]
[EventDate "2014.09.20"]
[EventType "swiss"]
[EventRounds "11"]
[EventCountry "RSA"]
[SourceTitle "CBM 162 Extra"]
[Source "ChessBase"]
[SourceDate "2014.10.17"]
[SourceVersion "1"]
[SourceVersionDate "2014.10.17"]
[SourceQuality "1"]

1. d4 Nf6 2. c4 e6 3. Nf3 d5 4. Nc3 dxc4 5. e4 Bb4 6. Bg5 c5 7. Bxc4 cxd4 8. Nxd4 Bxc3+ 9. bxc3 Qa5 10. Bb5+ Nbd7 11. Bxf6 Qxc3+ 12. Kf1 gxf6 13. h4 a6 14. Rh3 Qb4 15. Be2 Ne5 16. Rb1 Qd6 17. Qd2 b5 18. Rd1 Bb7 19. Qc1 Qb6 20. f4 Rc8 21. Rc3 Rxc3 22. Qxc3 Nd7 23. Bh5 Nc5 24. Qg3 Nxe4 25. Qg7 Rf8 26. Kg1 Qc5 27. Kh2 Bd5 28. f5 Qc7+ 29. Kg1 Qg3 30. Nxe6 Bxe6 31. Rd8+ Kxd8 32. Qxf8+ Kc7 33. fxe6 Qe1+ 34. Kh2 Qxh4+ 35. Kg1 Qf2+ 36. Kh2 Qf4+ 37. Kg1 fxe6 38. Bf3 Qe3+ 39. Kh2 Qf4+ 40. Kg1 Qe3+ 41. Kh2 Ng5 42. Qe7+ Kb6 43. Qd8+ Kc5 44. Qc7+ Kb4 45. Qd6+ Ka5 46. Qc7+ Qb6 47. Qc3+ b4 48. Qxf6 Nxf3+ 49. Qxf3 Qd6+ 0-1

[Event "Wch U18"]
[Site "Durban"]
[Date "2014.09.21"]
[Round "3"]
[White "Das, Sayantan"]
[Black "Bida, Mihai Eugen"]
[Result "1/2-1/2"]
[WhiteElo "2456"]
[BlackElo "2323"]
[PlyCount "73"]
[EventDate "2014.09.20"]
[EventType "swiss"]
[EventRounds "11"]
[EventCountry "RSA"]
[SourceTitle "CBM 162 Extra"]
[Source "ChessBase"]
[SourceDate "2014.10.17"]
[SourceVersion "1"]
[SourceVersionDate "2014.10.17"]
[SourceQuality "1"]

1. e4 e5 2. Nf3 Nc6 3. Bb5 a6 4. Ba4 Nf6 5. 0-0 Be7 6. Re1 b5 7. Bb3 d6 8. c3 0-0 9. h3 Na5 10. Bc2 c5 11. d4 Nd7 12. Nbd2 exd4 13. cxd4 Nc6 14. Nf1 cxd4 15. Nxd4 Nxd4 16. Qxd4 Ne5 17. Qd1 Bf6 18. Ne3 Nc4 19. Rb1 Nxe3 20. Bxe3 Be6 21. Bb3 Qe7 22. Bd5 Rac8 23. Re2 Rfe8 24. Rc1 Rxc1 25. Bxc1 Bxd5 26. Qxd5 Rc8 27. Be3 h6 28. b3 Qe5 29. Qb7 Qa1+ 30. Kh2 Rc3 31. Qxa6 Qf1 32. Qxb5 Be5+ 33. g3 Bxg3+ 34. Kxg3 Qg1+ 35. Kf3 Qh1+ 36. Kg3 Qg1+ 37. Kf3 1/2-1/2

[Event "Arad op 7th"]
[Site "Arad"]
[Date "2014.08.08"]
[Round "6"]
[White "Bida, Mihai Eugen"]
[Black "Abramovic, Bosko"]
[Result "1/2-1/2"]
[WhiteElo "2267"]
[BlackElo "2457"]
[PlyCount "108"]
[EventDate "2014.08.04"]
[EventType "swiss"]
[EventRounds "9"]
[EventCountry "ROU"]
[SourceTitle "CBM 161 Extra"]
[Source "ChessBase"]
[SourceDate "2014.08.29"]
[SourceVersion "1"]
[SourceVersionDate "2014.08.29"]
[SourceQuality "1"]

1. d4 Nf6 2. c4 e6 3. Nc3 Bb4 4. e3 0-0 5. Nge2 d5 6. a3 Be7 7. cxd5 exd5 8. Nf4 Re8 9. Bd3 a5 10. 0-0 b6 11. Rb1 Bb7 12. b4 axb4 13. axb4 Nc6 14. b5 Nb4 15. Be2 Na2 16. Bd2 Bd6 17. Nh5 Nxh5 18. Bxh5 Nxc3 19. Bxc3 Qe7 20. Bf3 Ra3 21. Qd2 Rea8 22. Bb4 Bxb4 23. Rxb4 Qd6 24. Rb2 Bc8 25. Rc2 Bd7 26. Be2 Rb3 27. Rb2 Qa3 28. Rxb3 Qxb3 29. Qc1 Ra7 30. Qb1 Qxb1 31. Rxb1 Kf8 32. Kf1 Ke7 33. Ke1 Ra2 34. Bd3 h6 35. h3 Kd6 36. Rb3 g5 37. Bb1 Ra5 38. Bd3 h5 39. Rb2 Ra1+ 40. Ke2 h4 41. f3 f5 42. Kd2 Rg1 43. Kc3 Be6 44. Rf2 Ra1 45. Rb2 Ra3+ 46. Rb3 Rxb3+ 47. Kxb3 g4 48. f4 g3 49. Kb4 Bd7 50. Be2 Be8 51. Bf3 c6 52. Be2 cxb5 53. Bd1 Bd7 54. Be2 Bc6 1/2-1/2